| 000 | 00934nam a2200229 u 4500 | ||
|---|---|---|---|
| 005 | 20260319064224.0 | ||
| 008 | 130815s2002 r 000 0 eng d | ||
| 020 | _a9686148558 | ||
| 035 | _aUPN01000192300 | ||
| 049 | _aCG | ||
| 050 | 4 |
_aLB1776.4 M6 _bN8.3 |
|
| 245 | 0 | 0 |
_aNuevos sistemas de formación docente para la educación básica en un nuevo siglo : _bestrategia interinstitucional / _ccoord. Isaías Alvarez García ; Amelia Rebeca de los Santos Quintanilla ...[et al.]. |
| 260 |
_aMéxico : _bTaller Abierto, _c2002. |
||
| 300 |
_a234 p. : _bcuadros |
||
| 650 | 4 |
_aMaestros de escuela primaria _xFormación profesional _zMéxico _94213 |
|
| 650 | 4 |
_aMaestros _xExámenes y certificación _9761 |
|
| 650 | 4 |
_aEducación _xPlanificación _zMéxico _913915 |
|
| 700 | 1 |
_aAlvarez García, Isaías, _ecoord. _930729 |
|
| 700 | 1 |
_aSantos Quintanilla, Amelia Rebeca de los, _ecoaut. _941008 |
|
| 905 | _aLibro | ||
| 999 |
_c164403 _d164403 |
||